The rise of modern Japan / (Record no. 18515)

MARC details
000 -LEADER
fixed length control field 01130cam a2200313 a 4500
001 - CONTROL NUMBER
control field 589899
003 - CONTROL NUMBER IDENTIFIER
control field BDDh-ASL
005 - DATE AND TIME OF LATEST TRANSACTION
control field 20231015025718.0
008 - FIXED-LENGTH DATA ELEMENTS--GENERAL INFORMATION
fixed length control field 900830s1990 enkb b 001 0 eng c
010 ## - LIBRARY OF CONGRESS CONTROL NUMBER
LC control number 90190778
020 ## - INTERNATIONAL STANDARD BOOK NUMBER
International Standard Book Number 0297797204 :
Terms of availability £20.00
020 ## - INTERNATIONAL STANDARD BOOK NUMBER
International Standard Book Number 0297797212 (pbk.)
040 ## - CATALOGING SOURCE
Original cataloging agency MH
Transcribing agency MH
Modifying agency BDDh-ASL
043 ## - GEOGRAPHIC AREA CODE
Geographic area code a-ja---
050 00 - LIBRARY OF CONGRESS CALL NUMBER
Classification number DS881
Item number .B43 1990b
082 00 - DEWEY DECIMAL CLASSIFICATION NUMBER
Classification number 952
Edition number 20
Item number BEM
100 1# - MAIN ENTRY--PERSONAL NAME
Personal name Beasley, W. G.
Fuller form of name (William G.),
Dates associated with a name 1919-2006.
245 14 - TITLE STATEMENT
Title The rise of modern Japan /
Statement of responsibility, etc. by W.G. Beasley.
260 ## - PUBLICATION, DISTRIBUTION, ETC.
Place of publication, distribution, etc. London :
Name of publisher, distributor, etc. Weidenfeld and Nicolson,
Date of publication, distribution, etc. c1990.
300 ## - PHYSICAL DESCRIPTION
Extent vii, 306 p. :
Other physical details maps ;
Dimensions 23 cm.
500 ## - GENERAL NOTE
General note Based in part on the author's The modern history of Japan.
504 ## - BIBLIOGRAPHY, ETC. NOTE
Bibliography, etc. note Includes bibliographical references (p. 284-289) and index.
651 #0 - SUBJECT ADDED ENTRY--GEOGRAPHIC NAME
Geographic name Japan
General subdivision History
Chronological subdivision 19th century.
651 #0 - SUBJECT ADDED ENTRY--GEOGRAPHIC NAME
Geographic name Japan
General subdivision History
Chronological subdivision 1868-
700 1# - ADDED ENTRY--PERSONAL NAME
Personal name Beasley, W. G.
Fuller form of name (William G.),
Dates associated with a name 1919-2006.
Title of a work Modern history of Japan.
856 42 - ELECTRONIC LOCATION AND ACCESS
Materials specified Contributor biographical information
Uniform Resource Identifier <a href="http://www.loc.gov/catdir/bios/orion051/90190778.html">http://www.loc.gov/catdir/bios/orion051/90190778.html</a>
906 ## - LOCAL DATA ELEMENT F, LDF (RLIN)
a 7
b cbc
c orignew
d u
e ncip
f 19
g y-gencatlg
942 ## - ADDED ENTRY ELEMENTS (KOHA)
Source of classification or shelving scheme Dewey Decimal Classification
Koha item type Books
Holdings
Withdrawn status Lost status Source of classification or shelving scheme Damaged status Not for loan Collection code Home library Current library Shelving location Date acquired Source of acquisition Total Checkouts Full call number Barcode Date last seen Copy number Price effective from Koha item type Public note
    Dewey Decimal Classification   Not For Loan Non-fiction Asiatic Society Library Asiatic Society Library Harrison Collection 10/12/2020 Donated by Prof. John B. Harrison   952 BEM 101707 10/12/2020 C-1 10/12/2020 Books RARE

Powered by Koha